Paroles - La Flemme - Suzane - Statistiques

Statistiques générales
  • Ce quiz a été pris 43 fois
  • Le résultat moyen est 118 sur 176
Statistiques - réponses
Paroles % Correct
ce
96%
flemme
96%
flemme (x2)
96%
flemme (x3)
96%
la
96%
La
96%
à
92%
A
92%
de
92%
Je
92%
je
92%
ma
92%
m'a
92%
le
88%
que
88%
Que
88%
te
88%
ne
83%
On
83%
on
83%
une
83%
c'est
79%
C'est
79%
dit
79%
fille
79%
pas
79%
connais
75%
copine
75%
depuis
75%
lycée
75%
problèmes
75%
rien
75%
se
75%
ses
75%
Elle
71%
elle
71%
faire
71%
faire,
71%
fait
71%
journée
71%
présente
71%
procrastiner
71%
j'ai
67%
journées
67%
me
67%
Qu'elle
67%
qu'elle
67%
avec
63%
Des
63%
des
63%
Les
63%
les
63%
Aaaah,
58%
Et
58%
fout
58%
son
58%
Son
58%
traîne
58%
Demain
54%
"Laisse
54%
tomber
54%
toujours
54%
Il
50%
Mais
50%
pleins
50%
qui
50%
si
50%
Si
50%
trucs
50%
couplet
46%
Dans
46%
dans
46%
d'hier,
46%
m'entraîne
46%
parce
46%
quand
46%
tout
46%
allait
42%
finir
42%
jamais
42%
j'aurai
42%
Plus
42%
connait
38%
dernier
38%
fatiguant
38%
main
38%
monde
38%
recoucher ?"
38%
Sont
38%
toute
38%
anglais
33%
ceux
33%
gène
33%
j'irai
33%
l'adorer
33%
poil
33%
premiers
33%
reine
33%
séries
33%
cause
29%
contraire
29%
d'elle
29%
disent
29%
mate
29%
populaire
29%
pousser
29%
prévient
29%
ramène
29%
survêt',
29%
comptais
25%
débraillée
25%
n'arrête
25%
promets
25%
Aucun quiz correspondant
Distribution des résultats
% des personnes avec chaque résultat
Percentile par nombre de réponses
Votre historique - résultats
Vous n’avez pas pris ce quiz